000
00257nam a2200109Ia 4500
008
190913s9999||||xx |||||||||||||| ||und||
100
_a
Gilbert Held
245
0
_a
Understanding Data Communications
260
_a
india
_b
BPB
_c
1999
300
_a
550
942
_c
BK
999
_c
7935
_d
7935